000 00507nam a2200205Ia 4500
005 20140314145615.0
008 140130s9999 xx 000 0 und d
020 _a0590487523
050 _aPZ 7
_b.L57824Sh 1993
100 _aLevine, Arthur
245 _cArthur Levine
_aSheep Dreams /
250 _a1st ed.
260 _bScholastic,
_aNew York :
_c1993.
300 _a1 v. (unpaged) :
_bcol. ill. ;
_c28 cm.
440 _v1
521 _aG2
526 _c480
942 _cBK
_2lcc
999 _c40481
_d40481